[Event "Buenos Aires Ponzo Cup 15th"]
[Site "Buenos Aires"]
[Date "2018.07.22"]
[Round "3.6"]
[White "Rodriguez Pinto, Bruno"]
[Black "Prieu, Gustavo"]
[Result "1-0"]
[WhiteElo "1589"]
[BlackElo "1813"]
[PlyCount "91"]
[EventDate "2018.07.20"]
[EventType "swiss"]
[EventRounds "6"]
[EventCountry "ARG"]
[SourceTitle "EXT 2024"]
[Source "ChessBase"]
[SourceDate "2023.10.10"]
[SourceVersion "1"]
[SourceVersionDate "2023.10.10"]
[SourceQuality "1"]

1. e4 Nf6 2. e5 Nd5 3. c4 Nb6 4. d4 d6 5. exd6 cxd6 6. Nf3 g6 7. Be3 Bg7 8. Nc3 0-0 9. Be2 Nc6 10. 0-0 Bg4 11. h3 Bxf3 12. gxf3 Qd7 13. Kh2 Rfd8 14. d5 Na5 15. Bd4 Rac8 16. Bxg7 Kxg7 17. Qd4+ Kg8 18. b3 Qc7 19. Ne4 Nd7 20. f4 b6 21. f5 Nb7 22. fxg6 hxg6 23. Ng5 Nf6 24. h4 Qd7 25. h5 Kg7 26. h6+ Kg8 27. h7+ Nxh7 28. Bg4 Nxg5 29. Qf4 f5 30. Qxg5 fxg4 31. Qxg6+ Kf8 32. Qh6+ Kf7 33. Qh7+ Kf6 34. Qh6+ Kf5 35. Qh7+ Kg5 36. Qg7+ Kf4 37. Qh6+ Ke5 38. Rfe1+ Kf5 39. Qh7+ Kf6 40. Re6+ Qxe6 41. Qh6+ Kf5 42. Qxe6+ Kg5 43. f4+ Kh5 44. Qf5+ Kh6 45. Qg5+ Kh7 46. Kg3 1-0

[Event "Monte Grande Pre ITT FASGBA"]
[Site "Monte Grande"]
[Date "2015.12.04"]
[Round "1.1"]
[White "Prieu, Gustavo"]
[Black "Barrientos Medina, Juan Carlos"]
[Result "0-1"]
[WhiteElo "1965"]
[BlackElo "2062"]
[PlyCount "80"]
[EventDate "2015.12.04"]
[EventType "swiss"]
[EventRounds "7"]
[EventCountry "ARG"]
[SourceTitle "EXT 2024"]
[Source "ChessBase"]
[SourceDate "2023.10.10"]
[SourceVersion "1"]
[SourceVersionDate "2023.10.10"]
[SourceQuality "1"]

1. d4 Nf6 2. c4 g6 3. Nc3 d5 4. Qb3 dxc4 5. Qxc4 Bg7 6. e4 0-0 7. Nf3 Nbd7 8. Be2 Nb6 9. Qb3 Bg4 10. Be3 c6 11. 0-0 Be6 12. Qc2 Bc4 13. Rad1 Bxe2 14. Qxe2 e6 15. Nd2 Qe7 16. Nc4 Qb4 17. Nxb6 axb6 18. a3 Qe7 19. d5 exd5 20. exd5 Nxd5 21. Nxd5 cxd5 22. Rxd5 Rad8 23. Rfd1 Rxd5 24. Rxd5 Rd8 25. Rxd8+ Qxd8 26. g3 Qe8 27. Qc2 b5 28. Qb3 Qe5 29. a4 Qxb2 30. Qxb2 Bxb2 31. axb5 Kf8 32. Kf1 Ke7 33. Ke2 Kd6 34. Kd3 Kd5 35. Kc2 Bd4 36. Bxd4 Kxd4 37. Kb3 Kc5 38. Ka4 b6 39. g4 g5 40. f3 f6 0-1

[Event "Monte Grande IRT 49 Cup Pedro Dreyer"]
[Site "Monte Grande"]
[Date "2015.10.17"]
[Round "7.5"]
[White "Gawel, Alfredo Juan"]
[Black "Prieu, Gustavo"]
[Result "0-1"]
[WhiteElo "1698"]
[BlackElo "1858"]
[PlyCount "38"]
[EventDate "2015.09.05"]
[EventType "swiss"]
[EventRounds "7"]
[EventCountry "ARG"]
[SourceTitle "EXT 2024"]
[Source "ChessBase"]
[SourceDate "2023.10.10"]
[SourceVersion "1"]
[SourceVersionDate "2023.10.10"]
[SourceQuality "1"]

1. e4 c5 2. Nf3 Nc6 3. d4 cxd4 4. Nxd4 Nf6 5. Nc3 e5 6. Nb3 Bb4 7. Bd3 Bxc3+ 8. bxc3 0-0 9. Bg5 h6 10. Bh4 g5 11. Bg3 d5 12. Nd2 Qa5 13. Qf3 Kg7 14. exd5 Bg4 15. Qxf6+ Kxf6 16. Ne4+ Kg7 17. dxc6 f5 18. Nd2 bxc6 19. f3 e4 0-1

[Event "Monte Grande IRT 49 Cup Pedro Dreyer"]
[Site "Monte Grande"]
[Date "2015.09.26"]
[Round "4.2"]
[White "Prieu, Gustavo"]
[Black "Barrientos Medina, Juan Carlos"]
[Result "0-1"]
[WhiteElo "1858"]
[BlackElo "2035"]
[PlyCount "144"]
[EventDate "2015.09.05"]
[EventType "swiss"]
[EventRounds "7"]
[EventCountry "ARG"]
[SourceTitle "EXT 2024"]
[Source "ChessBase"]
[SourceDate "2023.10.10"]
[SourceVersion "1"]
[SourceVersionDate "2023.10.10"]
[SourceQuality "1"]

1. d4 Nf6 2. c4 g6 3. Nc3 Bg7 4. e4 d6 5. Nf3 0-0 6. Be2 e5 7. d5 a5 8. 0-0 Nh5 9. Bg5 f6 10. Be3 Nf4 11. c5 Nxe2+ 12. Qxe2 Na6 13. cxd6 cxd6 14. h3 f5 15. Bg5 Bf6 16. Bxf6 Rxf6 17. Nb5 Nc5 18. Nd2 Bd7 19. a4 fxe4 20. Nxe4 Nxe4 21. Qxe4 Bxb5 22. axb5 Qb6 23. Qd3 Raf8 24. Qd2 Rf4 25. Qxa5 Qxa5 26. Rxa5 Rb4 27. Rfa1 Rxb2 28. R1a2 Rb1+ 29. Kh2 Kg7 30. Rc2 Rf7 31. Kg3 Rd1 32. b6 Rb1 33. Rc7 Rxb6 34. Rxf7+ Kxf7 35. Kf3 h5 36. g3 Ke7 37. h4 Ra6 38. Rb5 Ra7 39. Ke4 Kd7 40. Rb4 Kc7 41. f4 Ra1 42. Rc4+ Kb6 43. fxe5 Re1+ 44. Kf4 Rxe5 45. Rb4+ Kc7 46. Rb5 b6 47. g4 Kb7 48. gxh5 Rxh5 49. Kg4 Ka6 50. Rb3 Rxd5 51. Rf3 Rd1 52. Kg5 Rg1+ 53. Kf4 Kb5 54. Rb3+ Kc5 55. Rc3+ Kd5 56. Rd3+ Ke6 57. Rb3 Rh1 58. Kg4 Ke5 59. Rxb6 Rg1+ 60. Kf3 Rf1+ 61. Kg3 d5 62. Rb8 Rf6 63. Kg4 d4 64. Re8+ Re6 65. Rd8 Ke4 66. Rb8 Ke3 67. Rb1 Ke2 68. Rb2+ Ke3 69. Rb1 Rc6 70. Kg3 d3 71. Rb5 d2 72. Rd5 Rc1 0-1

[Event "Monte Grande IRT 49 Cup Pedro Dreyer"]
[Site "Monte Grande"]
[Date "2015.09.12"]
[Round "2.1"]
[White "Lo Presti, Roberto"]
[Black "Prieu, Gustavo"]
[Result "0-1"]
[WhiteElo "1979"]
[BlackElo "1858"]
[PlyCount "70"]
[EventDate "2015.09.05"]
[EventType "swiss"]
[EventRounds "7"]
[EventCountry "ARG"]
[SourceTitle "EXT 2024"]
[Source "ChessBase"]
[SourceDate "2023.10.10"]
[SourceVersion "1"]
[SourceVersionDate "2023.10.10"]
[SourceQuality "1"]

1. e4 Nf6 2. e5 Nd5 3. d4 d6 4. c4 Nb6 5. exd6 cxd6 6. Nc3 g6 7. Be3 Bg7 8. Rc1 0-0 9. c5 dxc5 10. dxc5 Bxc3+ 11. Rxc3 Qxd1+ 12. Kxd1 Nd5 13. Rd3 Nxe3+ 14. Rxe3 Rd8+ 15. Kc1 Nc6 16. Bc4 Na5 17. Be2 Be6 18. b4 Nc6 19. a3 a5 20. b5 Nd4 21. Rc3 Nb3+ 22. Kb1 Rd2 23. g4 Nd4 24. Bf3 Nxb5 25. Re3 Rc8 26. Bxb7 Rxc5 27. Nf3 Rxf2 28. Rhe1 Nc3+ 29. Rxc3 Rxc3 30. Nd4 Ba2+ 31. Ka1 Rxa3 32. Nb5 Rb3 33. Bc6 Rbb2 34. g5 Be6 35. Nc3 Rbc2 0-1

[Event "Monte Grande Zalazar Cup 5th"]
[Site "Monte Grande"]
[Date "2015.08.22"]
[Round "7.4"]
[White "Prieu, Gustavo"]
[Black "Herrera, Pablo"]
[Result "1-0"]
[WhiteElo "1810"]
[BlackElo "2024"]
[PlyCount "83"]
[EventDate "2015.07.11"]
[EventType "swiss"]
[EventRounds "7"]
[EventCountry "ARG"]
[SourceTitle "EXT 2024"]
[Source "ChessBase"]
[SourceDate "2023.10.10"]
[SourceVersion "1"]
[SourceVersionDate "2023.10.10"]
[SourceQuality "1"]

1. d4 Nf6 2. c4 e6 3. Nf3 Bb4+ 4. Nbd2 b6 5. a3 Bxd2+ 6. Bxd2 Bb7 7. Bg5 d6 8. e3 Nbd7 9. Bd3 h6 10. Bh4 Qe7 11. 0-0 0-0 12. Rc1 e5 13. Bf5 Rfd8 14. b4 Nf8 15. Bb1 e4 16. Nd2 Re8 17. d5 g5 18. Bg3 c6 19. dxc6 Bxc6 20. Nb3 Ba4 21. Bc2 Bxb3 22. Bxb3 Rad8 23. Ba4 N8d7 24. Qxd6 Ne5 25. Qxe7 Rxe7 26. Bxe5 Rxe5 27. Rfd1 Rxd1+ 28. Rxd1 Re7 29. Rd4 Nh5 30. c5 bxc5 31. bxc5 Rc7 32. c6 Nf6 33. Kf1 Kf8 34. Rd8+ Ke7 35. Rd4 Ke6 36. Ke2 Ke7 37. Kd2 Ke6 38. Kc2 Ke5 39. Kc3 Ne8 40. Rd7 Nf6 41. Kb4 Ke6 42. Bb3+ 1-0

[Event "Monte Grande Valerio Lorenzi 2nd"]
[Site "Monte Grande"]
[Date "2015.05.22"]
[Round "7.7"]
[White "Gawel, Alfredo Juan"]
[Black "Prieu, Gustavo"]
[Result "0-1"]
[WhiteElo "1722"]
[BlackElo "1835"]
[PlyCount "66"]
[EventDate "2015.05.08"]
[EventType "swiss"]
[EventRounds "7"]
[EventCountry "ARG"]
[SourceTitle "EXT 2024"]
[Source "ChessBase"]
[SourceDate "2023.10.10"]
[SourceVersion "1"]
[SourceVersionDate "2023.10.10"]
[SourceQuality "1"]

1. e4 c5 2. Nf3 Nc6 3. d4 cxd4 4. Nxd4 Nf6 5. Nc3 e5 6. Nb3 h6 7. Be2 Bb4 8. 0-0 Bxc3 9. bxc3 Nxe4 10. Bb2 0-0 11. Bd3 Nf6 12. Nc5 d5 13. Rb1 b6 14. Nb3 Qc7 15. Bb5 Bb7 16. Nd2 Rad8 17. Nf3 a6 18. Ba4 b5 19. Bb3 Rfe8 20. a4 Na5 21. axb5 axb5 22. Qe2 Nc4 23. Ba1 Ne4 24. Qe1 Re6 25. Ba2 Qc6 26. Rb4 Rf6 27. Bxc4 dxc4 28. Nxe5 Qd5 29. Ng4 Rg6 30. Ne3 Qc6 31. f3 Nd2 32. Rf2 Nxf3+ 33. Rxf3 Qxf3 0-1

[Event "Buenos Aires op"]
[Site "Buenos Aires"]
[Date "2011.11.27"]
[Round "9"]
[White "Prieu, Gustavo"]
[Black "Garcia Lemos, Federico"]
[Result "0-1"]
[WhiteElo "1997"]
[BlackElo "1989"]
[PlyCount "106"]
[EventDate "2011.11.11"]
[EventType "swiss"]
[EventRounds "9"]
[EventCountry "ARG"]
[SourceTitle "CBM 145 Extra"]
[Source "ChessBase"]
[SourceDate "2012.01.03"]
[SourceVersion "1"]
[SourceVersionDate "2012.01.03"]
[SourceQuality "1"]

1. d4 Nf6 2. c4 e6 3. Nf3 b6 4. g3 Bb7 5. Bg2 Be7 6. 0-0 0-0 7. Nc3 Ne4 8. Qc2 Nxc3 9. Qxc3 f5 10. b3 Bf6 11. Bb2 d6 12. Rad1 Qe7 13. Qd2 Nd7 14. e3 g6 15. Qe2 Bg7 16. Ba3 a5 17. Nh4 Bxg2 18. Nxg2 c5 19. Bb2 a4 20. f4 cxd4 21. exd4 Nf6 22. Nh4 Ne4 23. Nf3 axb3 24. axb3 Ra2 25. Ra1 Rfa8 26. Rxa2 Rxa2 27. Ra1 Qa7 28. Rxa2 Qxa2 29. Kg2 Qxb3 30. Ng5 Nxg5 31. fxg5 Kf7 32. Ba1 d5 33. cxd5 Qxd5+ 34. Kh3 Bxd4 35. Bxd4 Qxd4 36. Qb5 Qg4+ 37. Kg2 Qxg5 38. Qxb6 Qd2+ 39. Kh3 g5 40. Qa7+ Kg6 41. g4 Qd3+ 42. Kg2 Qe2+ 43. Kg1 Qxg4+ 44. Kf2 Qf4+ 45. Kg2 Qe5 46. Qe7 Qf6 47. Qe8+ Qf7 48. Qc6 f4 49. Qc2+ Qf5 50. Qc8 Qe4+ 51. Kg1 Kh5 52. Qd7 f3 53. Qf7+ Kh4 0-1

[Event "Buenos Aires op"]
[Site "Buenos Aires"]
[Date "2011.11.11"]
[Round "1"]
[White "Guzman, Diego"]
[Black "Prieu, Gustavo"]
[Result "1/2-1/2"]
[WhiteElo "1654"]
[BlackElo "1997"]
[PlyCount "66"]
[EventDate "2011.11.11"]
[EventType "swiss"]
[EventRounds "9"]
[EventCountry "ARG"]
[SourceTitle "CBM 145 Extra"]
[Source "ChessBase"]
[SourceDate "2012.01.03"]
[SourceVersion "1"]
[SourceVersionDate "2012.01.03"]
[SourceQuality "1"]

1. e4 c5 2. c3 d5 3. exd5 Qxd5 4. d4 Nc6 5. Nf3 e6 6. Be2 Nf6 7. 0-0 Be7 8. Be3 Qd8 9. dxc5 Qxd1 10. Rxd1 Ng4 11. b4 Nxe3 12. fxe3 0-0 13. Nbd2 g5 14. a4 g4 15. Nd4 Ne5 16. Nc4 Nxc4 17. Bxc4 e5 18. Nb5 Kg7 19. Nd6 Bg5 20. e4 f5 21. Nxc8 Raxc8 22. exf5 Rcd8 23. Bd3 Rf7 24. Be2 g3 25. Rxd8 gxh2+ 26. Kxh2 Bxd8 27. Bg4 Kf6 28. Rd1 Bc7 29. Kg1 Re7 30. Kf2 Kg5 31. Bh3 e4 32. Ke2 Be5 33. c4 Bf6 1/2-1/2